| 000 | 005880000a22001090004500 | ||
|---|---|---|---|
| 100 | 1 | _aPautassi, María Alejandra | |
| 245 | 1 | 0 | _aQuerido público |
| 300 | _aVol.0, núm.20 (Mayo, 2007), Páginas 16-17 | ||
| 520 | _aMedellín vivió la apertura al público de las intervenciones en el Encuentro Internacional de Arte. A pesar del temor que causaba el prejuicio de que la gente no entendiera o no asistiera, la realidad superó al escepticismo. Crónica desde Medellín de un evento que continúa hasta el próximo mes. | ||
| 773 | 0 | _tArcadia / Andrés Felipe Solano, Editor | |
| 942 | _cANA | ||
| 999 |
_c62186 _d62186 |
||